The Office (US) Actors and Actresses Quiz Stats

 Plays Quiz not verified by Sporcle

Score 0/23 Timer 05:00
0 Plays Today
Character Actor/Actress % Correct
Michael ScottSteve Carell
96.6%
Jim HalpertJohn Krasinski
91.7%
Dwight K. SchruteRainn Wilson
91.3%
Pam BeasleyJenna Fischer
89.1%
Ryan HowardB.J. Novak
88.3%
Andy BernardEd Helms
83.8%
Creed BrattonCreed Bratton
83%
Karen FilippelliRashida Jones
67.9%
Kelly KapoorMindy Kaling
64.5%
Oscar MartinezOscar Nunez
64.2%
Angela MartinAngela Kinsey
50.2%
Phyllis Lapin-VancePhyllis Smith
49.1%
Character Actor/Actress % Correct
Jan LevinsonMelora Hardin
48.3%
Toby FlendersonPaul Lieberstein
45.7%
Darryl PhilbinCraig Robinson
43.8%
Stanley HudsonLeslie David Baker
40%
Kevin MaloneBrian Baumgartner
40%
Holly FlaxAmy Ryan
39.6%
Meredith PalmerKate Flannery
39.2%
Erin HannonEllie Kemper
32.1%
Roy AndersonDavid Denman
22.3%
David WallaceAndy Buckley
21.1%
Todd PackerDavid Koechner
20%

You're not logged in!

Compare scores with friends on all Sporcle quizzes.
OR
Log In

Show Comments

Extras

Top Quizzes Today


Score Distribution

Your Account Isn't Verified!

In order to create a playlist on Sporcle, you need to verify the email address you used during registration. Go to your Sporcle Settings to finish the process.

Report this User

Report this user for behavior that violates our Community Guidelines.

Details: